| 000 | 00532cam a2200205ua 4500 | ||
|---|---|---|---|
| 001 | 9954 | ||
| 005 | 20260515114540.0 | ||
| 008 | 170124n ii |||gr||||Z||||||eng | ||
| 020 | _a9788192196053 | ||
| 040 | _cMAIN | ||
| 041 | _aeng | ||
| 082 | _a658 | ||
| 100 |
_aDebnath, Arabinda, _eAuthor. |
||
| 245 |
_aPrinciples of management : _bfor B.Com. semester-II / _cBy Arabinda Debnath . |
||
| 250 | _a1st ed. | ||
| 260 |
_aGuwahati: _bBLJ publications, _c2012. |
||
| 300 | _a320p. | ||
| 653 | _aGeneral management | ||
| 942 | _cBK | ||
| 999 |
_c8952 _d8952 |
||